000
00317nam a2200133Ia 4500
008
151001s9999||||xx |||||||||||||| ||und||
100
_a
राणू
245
_a
बर्फ के अंगारे
250
_a
1
260
_b
कुसुम
260
_c
1990
300
_a
176
365
_b
16
999
_c
967221
_d
967218